000 00424nam a2200181Ia 4500
001 8158
005 20260306160548.0
008 260306t2009||||xx |||||||||||||| ||spa||
041 _aESP
082 _a370.115
_bA94
100 _aAyllón, José Ramón
_eAUT
245 0 _a10 claves de la educación
260 _c2009
300 _a155 páginas :
_c22 cm.
650 _aGEN
654 _aCED
942 _cLIB
_dJUS
_fJUS
_2ddc
_n
999 _c8158
_d8158